000 00633cam a22002293a 4500
001 3324
003 PGUSA
005 20140828083030.0
008 020701s2002||||xxu|||||s|||||000 1 eng d
040 _aPGUSA
_beng
042 _adc
050 4 _aPS
100 1 _aBangs, John Kendrick,
_d1862-1922
245 1 2 _aA Rebellious Heroine
_h[electronic resource] /
_cJohn Kendrick Bangs
260 _bProject Gutenberg,
_c2002
506 _aPublic domain in the USA.
516 _aElectronic text
653 _aAuthors -- Fiction
830 0 _aProject Gutenberg
_v3324
856 4 0 _uhttp://www.gutenberg.org/ebooks/3324
942 _cEB
999 _c232653
_d232653